Dice que dicen, que dijo-- / (Record no. 18918)

MARC details
000 -LEADER
fixed length control field 01678cam a2200421Ia 4500
001 - CONTROL NUMBER
control field ocm57453604
003 - CONTROL NUMBER IDENTIFIER
control field OCoLC
005 - DATE AND TIME OF LATEST TRANSACTION
control field 20171012141625.0
008 - FIXED-LENGTH DATA ELEMENTS--GENERAL INFORMATION
fixed length control field 050120s2004 uy a j 000 1 spa d
020 ## - INTERNATIONAL STANDARD BOOK NUMBER
International Standard Book Number 9974779995
020 ## - INTERNATIONAL STANDARD BOOK NUMBER
International Standard Book Number 8493395536
035 ## - SYSTEM CONTROL NUMBER
System control number (OCoLC)57453604
040 ## - CATALOGING SOURCE
Original cataloging agency TEF
Language of cataloging eng
Transcribing agency TEF
Modifying agency BAKER
-- BTCTA
-- QBX
-- OCLCQ
-- OCLCF
-- OCLCO
-- OCLCQ
-- OCLCO
-- CCP
-- OCLCQ
041 ## - LANGUAGE CODE
Language code of text/sound track or separate title spa
049 ## - LOCAL HOLDINGS (OCLC)
Holding library ORXA
050 #4 - LIBRARY OF CONGRESS CALL NUMBER
Classification number PZ73
Item number .S363 2004
082 04 - DEWEY DECIMAL CLASSIFICATION NUMBER
Classification number [E]
Edition number 22
099 ## - LOCAL FREE-TEXT CALL NUMBER (OCLC)
Filing suffix SPANISH
Classification number jE SCAGLIOTT
100 1# - MAIN ENTRY--PERSONAL NAME
Personal name Scagliotti, Loti.
245 10 - TITLE STATEMENT
Title Dice que dicen, que dijo-- /
Statement of responsibility, etc. textos, Loti Scagliotti ; ilustraciones, Loti Scagliotti, Andrea Rodr©Ưguez Vidal.
260 ## - PUBLICATION, DISTRIBUTION, ETC. (IMPRINT)
Place of publication, distribution, etc. Montevideo, Uruguay :
Name of publisher, distributor, etc. Nicanitasantiago,
Date of publication, distribution, etc. [2004?]
300 ## - PHYSICAL DESCRIPTION
Extent 1 volume (unpaged) :
Other physical details color illustrations ;
Dimensions 24 cm.
336 ## - CONTENT TYPE
Content type term text
Content type code txt
Source rdacontent.
337 ## - MEDIA TYPE
Media type term unmediated
Media type code n
Source rdamedia.
338 ## - CARRIER TYPE
Carrier type term volume
Carrier type code nc
Source rdacarrier.
490 1# - SERIES STATEMENT
Series statement Colecci©đn Cuentos qu©♭ dicen, qu©♭ dijo?
520 ## - SUMMARY, ETC.
Summary, etc. The story starts when Teresa tells her daughter to find Tom©Łs and to tell him to come and help her get rid of a mouse. As this request is passed from person to person, it changes with each repetition.
650 #0 - SUBJECT ADDED ENTRY--TOPICAL TERM
Topical term or geographic name as entry element Communication
Form subdivision Juvenile fiction.
650 #0 - SUBJECT ADDED ENTRY--TOPICAL TERM
Topical term or geographic name as entry element Listening
Form subdivision Juvenile fiction.
650 #0 - SUBJECT ADDED ENTRY--TOPICAL TERM
Topical term or geographic name as entry element Mice
Form subdivision Juvenile fiction.
650 #7 - SUBJECT ADDED ENTRY--TOPICAL TERM
Topical term or geographic name as entry element Comunicaci©đn
Form subdivision Novela juvenil.
Source of heading or term bidex.
650 #7 - SUBJECT ADDED ENTRY--TOPICAL TERM
Topical term or geographic name as entry element Escuchar
Form subdivision Novela juvenil.
Source of heading or term bidex.
650 #7 - SUBJECT ADDED ENTRY--TOPICAL TERM
Topical term or geographic name as entry element Ratones
Form subdivision Novela juvenil.
Source of heading or term bidex.
690 ## - LOCAL SUBJECT ADDED ENTRY--TOPICAL TERM (OCLC, RLIN)
Topical term or geographic name as entry element Spanish language edition
Form subdivision Juvenile fiction.
700 1# - ADDED ENTRY--PERSONAL NAME
Personal name Rodriguez Vidal, Andrea.
830 #0 - SERIES ADDED ENTRY--UNIFORM TITLE
Uniform title Colecci©đn Cuentos qu©♭ dicen, qu©♭ dijo?
942 ## - ADDED ENTRY ELEMENTS (KOHA)
Koha item type Libro/Book
Holdings
Withdrawn status Lost status Damaged status Not for loan Home library Current library Date acquired Total Checkouts Barcode Date last seen Price effective from Koha item type
        Zaragoza -- Satellite Zaragoza -- Satellite 12/10/2017   35501589 12/10/2017 12/10/2017 Libro/Book

Powered by Koha